[Event "Krakow op-B 28th"]
[Site "Krakow"]
[Date "2017.12.30"]
[Round "4"]
[White "Wnek, Filip"]
[Black "Kubik, Zbigniew"]
[Result "1-0"]
[WhiteElo "1748"]
[BlackElo "1832"]
[PlyCount "75"]
[EventDate "2017.12.27"]
[EventType "swiss"]
[EventRounds "9"]
[EventCountry "POL"]
[SourceTitle "CBM 182 Extra"]
[Source "ChessBase"]
[SourceDate "2018.02.23"]
[SourceVersion "1"]
[SourceVersionDate "2018.02.23"]
[SourceQuality "1"]

1. e4 e6 2. d4 c5 3. Nf3 cxd4 4. Nxd4 Nc6 5. c4 a6 6. Nc3 Nge7 7. Be3 Ng6 8. Be2 Be7 9. 0-0 0-0 10. a3 d6 11. b4 Bd7 12. b5 axb5 13. Ndxb5 Bf6 14. Rc1 Bxc3 15. Rxc3 Qf6 16. Qd2 h6 17. Nxd6 Bc8 18. f4 e5 19. f5 Nf4 20. Bxf4 exf4 21. Nb5 Rd8 22. Qxf4 Nd4 23. Qe3 Nxe2+ 24. Qxe2 Bd7 25. Rg3 Bxb5 26. cxb5 Qd4+ 27. Kh1 f6 28. Qa2+ Kf8 29. Qe2 Ra4 30. Re1 Re8 31. Re3 Qe5 32. h3 Rd8 33. Rd3 Re8 34. Rd7 Qc3 35. Qh5 Qb3 36. Qg6 Qg8 37. Rc1 Raxe4 38. Rcc7 1-0

[Event "Polanica Zdroj op-D 49th"]
[Site "Polanica Zdroj"]
[Date "2013.08.19"]
[Round "3"]
[White "Kubik, Zbigniew"]
[Black "Kowalski, Roman"]
[Result "1-0"]
[WhiteElo "1950"]
[BlackElo "1558"]
[PlyCount "79"]
[EventDate "2013.08.17"]
[EventType "swiss"]
[EventRounds "9"]
[EventCountry "POL"]
[SourceTitle "EXT 2014"]
[Source "ChessBase"]
[SourceDate "2013.11.20"]
[SourceVersion "1"]
[SourceVersionDate "2013.11.20"]
[SourceQuality "1"]

1. e4 e5 2. Nf3 Nf6 3. Nxe5 d6 4. Nf3 Nxe4 5. d3 Nf6 6. Be2 Be7 7. h3 h6 8. c4 c5 9. Nc3 Nc6 10. Be3 0-0 11. 0-0 Be6 12. Nh2 Nd7 13. Qd2 Bg5 14. f4 Bh4 15. f5 Nde5 16. fxe6 fxe6 17. Rxf8+ Qxf8 18. Rf1 Qe7 19. Ne4 Rf8 20. g3 Rxf1+ 21. Bxf1 Bf6 22. g4 g5 23. Qf2 Bg7 24. Kh1 Nb4 25. a3 Nbxd3 26. Bxd3 Nxd3 27. Qd2 Nxb2 28. Qc2 Qd7 29. Nf1 Qf7 30. Kg2 Qd7 31. Nfg3 Qc6 32. Bc1 Na4 33. Kf1 Kh8 34. Qf2 Nb6 35. Qf7 Qd7 36. Qg6 Qe7 37. Nh5 Nxc4 38. Nhf6 Bxf6 39. Nxf6 Qg7 40. Qe8+ 1-0

[Event "Koszalin op"]
[Site "Koszalin"]
[Date "2012.??.??"]
[Round "4"]
[White "Smolenski, Filip"]
[Black "Kubik, Zbigniew"]
[Result "0-1"]
[WhiteElo "1600"]
[BlackElo "2035"]
[PlyCount "48"]
[EventDate "2012.01.06"]
[EventType "swiss"]
[EventRounds "9"]
[EventCountry "POL"]
[SourceTitle "CBM 146 Extra"]
[Source "ChessBase"]
[SourceDate "2012.02.29"]
[SourceVersion "1"]
[SourceVersionDate "2012.02.29"]
[SourceQuality "1"]

1. e4 e6 2. d4 c5 3. Nf3 cxd4 4. c3 dxc3 5. Nxc3 Nc6 6. Bc4 a6 7. 0-0 Nge7 8. Bf4 Ng6 9. Bg3 Be7 10. a3 0-0 11. Rc1 b5 12. Ba2 Qb6 13. b4 Rd8 14. Qb3 Bb7 15. Rfd1 d6 16. Ne2 Nce5 17. Ned4 Bxe4 18. Nxe6 Bxf3 19. Re1 Rdc8 20. Nc5 Bh5 21. Bxe5 Nxe5 22. f4 dxc5 23. Qe3 Ng4 24. Qxe7 c4+ 0-1

[Event "Koszalin op"]
[Site "Koszalin"]
[Date "2012.??.??"]
[Round "2"]
[White "Zadkowski, Zbigniew"]
[Black "Kubik, Zbigniew"]
[Result "0-1"]
[WhiteElo "1665"]
[BlackElo "2035"]
[PlyCount "128"]
[EventDate "2012.01.06"]
[EventType "swiss"]
[EventRounds "9"]
[EventCountry "POL"]
[SourceTitle "CBM 146 Extra"]
[Source "ChessBase"]
[SourceDate "2012.02.29"]
[SourceVersion "1"]
[SourceVersionDate "2012.02.29"]
[SourceQuality "1"]

1. e4 e6 2. d4 c5 3. d5 d6 4. Bb5+ Bd7 5. Qd3 e5 6. Nc3 a6 7. Bxd7+ Nxd7 8. Nf3 Ne7 9. Bg5 f6 10. Bd2 Ng6 11. Ne2 b5 12. c4 bxc4 13. Qxc4 Nb6 14. Qc2 a5 15. Ng3 Be7 16. Nf5 0-0 17. 0-0 a4 18. b3 Qd7 19. Be3 Rfc8 20. Nd2 Bf8 21. Nc4 Nxc4 22. bxc4 Ne7 23. Ng3 g6 24. f4 exf4 25. Bxf4 Bg7 26. Rab1 h5 27. Rb5 h4 28. Nh1 g5 29. Bd2 Rcb8 30. Rfb1 Rxb5 31. Rxb5 Ng6 32. Nf2 Ne5 33. Nd3 Qg4 34. Nxe5 fxe5 35. Rb6 h3 36. Be1 Rf8 37. Bg3 hxg2 38. Bf2 Qf3 39. Rxd6 Rf4 40. Rb6 Rxe4 41. Rb8+ Bf8 42. Rxf8+ Kxf8 43. Bxc5+ Kg7 44. h3 Qf1+ 45. Kh2 g1Q+ 46. Bxg1 Re2+ 47. Qxe2 Qxe2+ 48. Kg3 e4 49. Bd4+ Kg6 50. Bb6 Qf3+ 51. Kh2 e3 52. Ba5 Qf2+ 53. Kh1 e2 54. d6 Qf1+ 55. Kh2 Qf4+ 56. Kg2 Qxd6 57. Kf3 Qd3+ 58. Kf2 Qxc4 59. a3 Kf5 60. Bb4 Ke4 61. Bd2 Kd3 62. Bxg5 Qd4+ 63. Kg2 e1Q 64. Kf3 Qef2# 0-1

[Event "Krakow op-B"]
[Site "Krakow"]
[Date "2004.01.03"]
[Round "8"]
[White "Kubik, Zbigniew"]
[Black "Stala, Grzegorz"]
[Result "0-1"]
[WhiteElo "2082"]
[BlackElo "2000"]
[PlyCount "53"]
[EventDate "2003.12.27"]
[EventType "swiss"]
[EventRounds "9"]
[EventCountry "POL"]
[SourceTitle "EXT 2006"]
[Source "ChessBase"]
[SourceDate "2005.11.24"]
[SourceVersion "1"]
[SourceVersionDate "2005.11.24"]
[SourceQuality "1"]

1. e4 Nf6 2. e5 Nd5 3. d4 d6 4. c4 Nb6 5. exd6 exd6 6. Bd3 Be7 7. Ne2 Bg4 8. 0-0 Nc6 9. f3 Bh5 10. a3 a5 11. b3 Bf6 12. Bb2 Bg6 13. Be4 0-0 14. Bxc6 bxc6 15. Nf4 a4 16. Nxg6 hxg6 17. Qc2 axb3 18. Qxb3 Na4 19. Ra2 c5 20. Ba1 cxd4 21. Qd1 c5 22. Qd3 d5 23. Nd2 Nc3 24. Bxc3 dxc3 25. Nb3 Qb6 26. Nc1 Rfd8 27. cxd5 0-1